000 00749cam a2200229 a 4500
001 000012243
005 20200929162746.0
008 790731s1978 ve 001 0 spa
040 _aDO-SdBNP
_bspa
_cDLC
_dBNPHU
082 _annn
_bR813e, 1978
100 1 _aRosenblat, Ángel.
_d1902-1984
_927920
245 1 3 _aLa educación en Venezuela :
_bvoz de alerta /
_cÁngel Rosenblat.
250 _a2a. ed. corr. y aum.
260 _aCaracas, (Venezuela) :
_bMonte Ávila Editores,
_c1978.
300 _a221 p. ;
_c18 cm.
490 1 _aEstudios
650 4 _aEducación
_zVenezuela
_93666
650 4 _aEducación
_zVenezuela
_xEnsayos, conferencias, etc..
_928894
830 0 _aEstudios ;
_93854
910 _aCatalogación por copia/LC
049 _aBNGR
999 _c11901
_d11901